000 01331nam a2200313 c 4500
003 BLK
005 20180422120851.0
008 180411b bul|||||r ||||||| ||bul||
010 _aKNG00217390000
040 _aBLK
041 _aBUL
_cBUL
080 _aАмериканска литература (на САЩ)
_b821.111(73)
_x-31
_z821.111(73)-31
100 1 _aУайлдър, Торнтън
_eпърви автор
_9320333
700 1 _aВенков, Венцислав
_eпрев. от англ.
_9368655
700 1 _aМулярчик, Александър
_eс предг. от
_9386837
139 _aУайлдър, Торнтън
_bУ 13
245 1 0 _aОсмият ден
_bРоман
_cТорнтън Уайлдър; прев. от англ. Венцислав Венков; с предг. от Александър Мулярчик.
257 _aUSA
260 София
_bНар. култура
_c1987
300 _a435 с.
_b1 л. портр.
_c21 см
380 _aX
490 1 _aБиблиотека Избрани романи
_v1987, 2
500 _aАвт. не е отбелязан на кор. - Ориг. загл. The eighth day / Thornton Wilder.
852 _aЦб 150018
856 4 _qpdf
_u
856 4 _qpdf
_u
942 _cKNG
_n0
944 _aCR
_c19.03.2018
_kКети_Илиева
944 _aED
_c19.03.2018
_kКети_Илиева
999 _c207623
_d207623